000
00321nam a22001457a 4500
003
SGT
020
_a
978-81-29206-797-1
082
_a
617.8
_b
S15Y
100
_a
YAIRI, EHUD
245
_a
STUTTENING: FOUNDATION & CLINICAL APPLICATION
250
_a
2ND
260
_b
PEARSON
_c
2015
300
_a
542
942
_2
ddc
_c
BK
999
_c
17877
_d
17877